000 00339nam a22001453 4500
001 207009
005 20250919140411.0
090 _a207009
100 _a20250919 ukry50
101 _aukr
102 _aUA
200 _a
210 _d2025
801 _2unimarc
_aUA
_gpsbo
942 _cNEWSPAPER